000 00768cab a2200277 4500
001 ABS47146
008 090401t1992 xxu||||| |||| 00| 0 eng d
035 _a(Sirsi) u60931
041 _aeng
100 _aHubbard, L.J.
245 _aMilk quotas and farm asset values
260 _c1992
350 _a0
490 _aNational Westminster Bank Quarterly Review
_vAugust 1992, 38-48(6)
520 _aDiscusses the current situation regarding milk quotas and the effect they can have on farm asset values. References.
650 _aASSET VALUES
650 _aDAIRY FARMS
650 _aLEASING
650 _aMILK QUOTA
650 _aPRICES
650 _aPURCHASE
650 _aVALUE
690 _aRURAL PRACTICE
942 _n0
948 _c04/03/1997
999 _c37673
_d37673